Apuntes de simulación aplicada al transporte

Salvato in:
Dettagli Bibliografici
Autore principale: Sánchez Ramos, Juan (Autore)
Natura: Libro
Lingua:spagnolo
Pubblicazione: Valparaíso Pontificia Universidad Católica de Valparaíso 2003
Soggetti:
Tags: Aggiungi Tag
Nessun Tag, puoi essere il primo ad aggiungerne!!

MARC

LEADER 00000nam a2200000 a 4500
001 UCL6015
003 CL-VaPUC
008 040326e20030000CL |||||||||||||||||spa|d
082 0 4 |a 003.3  |b SAN  |2 21 
100 0 |a Sánchez Ramos, Juan  |e author  |9 483772 
245 1 0 |a Apuntes de simulación aplicada al transporte 
300 |a 117 h 
942 |c BK 
945 |d 20040326 00:00:00  |a cmena 
260 |a Valparaíso  |b Pontificia Universidad Católica de Valparaíso  |c 2003 
650 0 |a Simulación por computador  |9 260988 
650 7 |a TRANSPORTE  |2 CL-VaPUC  |9 256365 
650 0 |a Tráfico  |9 263653 
650 0 |a Modelos matemáticos   |9 259437 
583 |a last modification  |c 20040326 00:00:00  |k Rodrigo Vera 
999 |c 308324  |d 308322 
952 |0 0  |1 0  |4 0  |6 003_300000000000000_SAN_2003  |7 0  |8 A  |9 374727  |a BIBING  |b BIBING  |d 2019-11-21  |i 399922K  |o 003.3 SAN 2003  |p 399922K  |r 2024-01-25  |w 2019-11-21  |y BK  |k TRA 
952 |0 0  |1 0  |4 0  |6 003_300000000000000_SAN_2003  |7 0  |8 A  |9 374728  |a BIBING  |b BIBING  |d 2019-11-21  |i 3999238  |o 003.3 SAN 2003  |p 3999238  |r 2024-01-25  |w 2019-11-21  |y BK  |k TRA 
952 |0 0  |1 0  |4 0  |6 003_300000000000000_SAN_2003  |7 0  |8 A  |9 374729  |a BIBING  |b BIBING  |d 2019-11-21  |i 3999246  |o 003.3 SAN 2003  |p 3999246  |r 2024-01-25  |w 2019-11-21  |y BK  |k TRA 
952 |0 0  |1 0  |4 0  |6 003_300000000000000_SAN_2003  |7 0  |8 A  |9 374730  |a BIBING  |b BIBING  |d 2019-11-21  |i 3999254  |o 003.3 SAN 2003  |p 3999254  |r 2024-01-25  |w 2019-11-21  |y BK  |k TRA 
952 |0 0  |1 0  |4 0  |6 003_300000000000000_SAN_2003  |7 0  |8 A  |9 374731  |a BIBING  |b BIBING  |d 2019-11-21  |i 3999262  |o 003.3 SAN 2003  |p 3999262  |r 2024-01-25  |w 2019-11-21  |y BK  |k TRA